000 00488nam a2200181Ia 4500
008 100920s9999 xx 000 0 und d
082 _b82563
_a--- 0
100 _aपारगावकर वि. शं.
245 _aअंतरिता.
260 _b---
_c0
300 _a231
_bसाधी
365 _b95
520 _aकादंबरी.
630 _aअंतरिता.
650 _aकादंबरी.
730 _aअंतरिता.
942 _cBOOK
999 _c723247
_d723244